1988-89 Detroit Pistons - Statistics

General Stats
  • This quiz has been taken 244 times
  • The average score is 7 of 14
Answer Stats
Hint Answer % Correct
PG #11 Isiah Thomas
100%
SG #4 Joe Dumars
89%
SF #10 Dennis Rodman
88%
C #40 Bill Laimbeer
81%
SG #15 Vinnie Johnson
52%
Head Coach Chuck Daly
51%
SF #23 Mark Aguirre
49%
SF #45 (TRADED) Adrian Dantley
48%
PF #44 Rick Mahorn
48%
PF #22 John Salley
47%
C #53 James Edwards
44%
PG #24 Micheal Williams
15%
SG/SF #34 Fennis Dembo
10%
PG #25 John Long
10%
No matching quizzes found
Score Distribution
Percent of People with Each Score
Percentile by Number Answered
Your Score History
You have not taken this quiz